Wheels for the mind : An apple higher education journal prepared at Boston college
Kaydedildi:
| Materyal Türü: | Kitap |
|---|---|
| Dil: | Undetermined |
| Baskı/Yayın Bilgisi: |
California
Apple Computer, Inc
1989
|
| Konular: | |
| Etiketler: |
Etiketle
Etiket eklenmemiş, İlk siz ekleyin!
|
| Thư viện lưu trữ: | Trung tâm Học liệu Trường Đại học Cần Thơ |
|---|
| LEADER | 00563nam a2200193Ia 4500 | ||
|---|---|---|---|
| 001 | CTU_87731 | ||
| 008 | 210402s9999 xx 000 0 und d | ||
| 082 | |a 005.3 | ||
| 082 | |b W561 | ||
| 245 | 0 | |a Wheels for the mind : | |
| 245 | 3 | |b An apple higher education journal prepared at Boston college | |
| 245 | 0 | |c Editor Peter Olivieri | |
| 260 | |a California | ||
| 260 | |b Apple Computer, Inc | ||
| 260 | |c 1989 | ||
| 650 | |a Computing,Industrial technology | ||
| 650 | |x Applications | ||
| 904 | |i Năm | ||
| 980 | |a Trung tâm Học liệu Trường Đại học Cần Thơ | ||